000 00401nam a22001457a 4500
003 MACL
005 20190604170500.0
008 190604b xxu||||| |||| 00| 0 eng d
040 _cMACL
100 _aShastri,Satya Vart
_975225
245 _aDiscovery of Sanskrit Treasures Epics and Puranas Volume-II
260 _aDelhi
_bYash Publications
_c2016
650 _aLinguistics
_975226
942 _2ddc
_cBK
999 _c60048
_d60048